01010naa a22002537a 4500001001000000003000900010005001700019007000300036008003400039040005400073041000900127072002000136100001500156111011900171245005100290260003600341500014300377650001900520650001300539650002600552650002500578650001300603773014000616BR9002140BR-BrBNA20240918180633.0ta230509b bl.||||| |||| 00| 0 por d aBR-BrBNAbporcBiblioteca Nacional de Agricultura a(Pt) aE14; C10b/G5141 aBeca, C.E.1 a22. Reuniao Anual da Associacao Brasileira de Educacao Agricola SuperiorcJoao Pessoa, PB (Brazil)d26-30 Oct 19821 aO programa da educacao rural do IICA no Brasil3 aBrasilia, DF (Brasil): c1982.  aAnais da 22. Reuniao Anual da Associacao Brasileira de Educacao Agricola Superior Brasilia, DF (Brasil): 1982. p. 45-51 (BR9002140-AM)E14  aEXTENSAO RURAL aEDUCACAO aDESENVOLVIMENTO RURAL aINSTITUICAO AGRICOLA aDIRETRIZ0 tAnais da 22. Reuniao Anual da Associacao Brasileira de Educacao Agricola SuperiorwE14 BR9002140gBrasilia, DF (Brasil), 1982. p. 45-51